| 000 | 00894nam a2200241Ia 4500 | ||
|---|---|---|---|
| 003 | OSt | ||
| 005 | 20220818110518.0 | ||
| 008 | 210716s2019 xx 000 0 und d | ||
| 020 | _a9788126551897 | ||
| 040 | _cAIMIT LIBRARY | ||
| 041 | _aeng | ||
| 082 |
_a570.15195 _210 _bDANW |
||
| 100 |
_aDaniel, Wayne W. _954973 |
||
| 245 |
_aBiostatistics: _bBasic concepts and methodology for the health sciences / _cBy Waynew Daniel and Chad L Cross. |
||
| 250 | _a10th ed. | ||
| 260 |
_aNew Delhi : _bWiley India Pvt Ltd , _c2019. |
||
| 300 |
_axv,777,A-153,I-7p. ; _c24 cm. |
||
| 650 |
_aStrategies for understanding the meanings of data _954974 |
||
| 650 |
_aProbabilistic features of certain data distributions _954975 |
||
| 650 |
_aStastical inference and the relationships among three or more variables _954976 |
||
| 700 |
_aCross, Chad L. _954977 |
||
| 942 |
_2ddc _cBK _e10th _k570.15195 DANW |
||
| 999 |
_c197172 _d197172 |
||